000 00452nam a22001697a 4500
999 _c525816
_d525816
003 NUST
020 _qPaperback
038 _aM. Shaban
082 _a891.431092
_bBAD
100 _aBadar, Saeed
_916761
245 _aIqbal shnasi aor hamaoun /
_cSaeed Badar
260 _aLahore :
_bBazam e Iqbal,
300 _a374 p. ;
880 _6100-01\r
_aسعید بدر
880 _6245-02\r
_aاقبال شناسی اور ھمایوں /
942 _2ddc
_cBK